|
|
|
แสดงรายละเอียดบรรณานุกรม |
|
|
Brief Record
: Get Marc (ISO 2709)
: E-mail record
: |
|
|
| LEADER 01553nam a22002777a 4500 | |||
| 001 47733 | |||
| 003 ULIBM | |||
| 008 150217s2556||||th 000 0 tha d | |||
| 020 ^a9789744666857 | |||
| 082 ^a346.033^bจ-ห | |||
| 100 ^aจิ๊ด เศรษฐบุตร | |||
| 245 ^a หลักกฎหมายแพ่งลักษณะละเมิด /^cจิ๊ด เศรษฐบุตร | |||
| 250 ^aพิมพ์ครั้ง 8 | |||
| 260 ^aกรุงเทพฯ : ^bคณะนิติศาสตร์ มหาวิทยาลัยธรรมศาสตร์ ^c2556 | |||
| 300 ^a267 หน้า 190 บาท | |||
| 650 ^aกฎหมายแพ่งและพาณิชย์ ^xละเมิด | |||
| 650 ^aกฎหมายแพ่งและพาณิชย์ ^xลักษณะละเมิด | |||
| 650 ^aกฎหมายแพ่งและพาณิชย์ | |||
| 650 ^aละเมิด | |||
| 650 ^aลักษณะละเมิด | |||
| 999 ^aกัลยา เตชะ | |||
| คุณยังไม่ได้ล็อกอิน คุณสามารถมีกิจกรรมร่วมกับเว็บไซต์ได้ แต่ต้องล็อกอินก่อน :: |
|
| สถานะ | |||||||||
| 1. | หนังสือ | 346.033 จ-ห 2556 Barcode: 081572 | ►หนังสือทั่วไป | On Shelf ขอยืม | |||||
| [แสดง 1/1 รายการ] | |||||||||

BibComment |
| คอมเมนท์ทรัพยากรรายการนี้ |
|
|
ห้องสมุดโรงเรียนสามัคคีวิทยาคม
159 ถ.บรรพปราการ ต.เวียง อ.เมือง จ.เชียงราย 57000
โทร. 053-711018 โทรสาร 053-713003